| 000 | 01086nam a2200313 i 4500 | ||
|---|---|---|---|
| 003 | EG-GICUC | ||
| 005 | 20260121101655.0 | ||
| 008 | 260106s1990 ua ||||fr|||| 00| 0 ara d | ||
| 017 | _a١٩٨٩/٩٠٤٩ | ||
| 040 |
_a EG-GICUC _bara _c EG-GICUC _d EG-GICUC _erda |
||
| 041 | 0 | _aara | |
| 082 | 0 | 4 |
_221 _a345.42 _bس ا . ت |
| 092 | 0 | 4 | _221 |
| 099 | _aLaw1 07 345.42 س ا . ت 1990 | ||
| 100 | 0 |
_aسامي جمال الدین _eمؤلف. |
|
| 245 | 1 | 2 |
_aالتنظيم الإداري للوظيفة العامة / _cد. سامي جمال الدین. |
| 264 | 1 |
_aالقاهرة : _bدار الجامعة الجديدة، _c1990. |
|
| 300 |
_a207 صفحة؛ _c24 سم. |
||
| 336 |
_2rda content _atext |
||
| 337 |
_2rda media _aComputer |
||
| 338 |
_2rda carrier _aOnline Resource |
||
| 546 | _aالنص باللغة العربية | ||
| 650 | 1 | 4 | _aالتنظيم الإداري |
| 650 | 1 | 4 | _aالوظيفة العامة |
| 650 | 1 | 4 | _aالقانون الإداري |
| 856 | 4 | 0 | _uhttps://fll.law.cu.edu.eg/fulltext/bks/B07-01199.pdf |
| 905 | _a32 | ||
| 942 |
_2ddc _cBK _e21 _n0 |
||
| 999 |
_c54990 _d54990 |
||